MEGA QUIZZ - Phasmophobia - Statistiques

Statistiques générales
  • Ce quiz a été pris 360 fois
    358 depuis la dernière actualisation
  • Le résultat moyen est 54 sur 88
Statistiques - réponses
Groupes Réponse % Correct
Entités Cauchemar
88%
Niveaux de difficulté Cauchemar
88%
Preuves Projecteur DOTS
87%
Équipements Projecteur DOTS
87%
Entités Démon
85%
Entités Esprit
85%
Entités Fantôme
85%
Équipements Lecteur EMF
85%
Entités Spectre
82%
Entités Le Mimic
80%
Entités Deogen
79%
Preuves Orbe fantomatique
79%
Entités Yokai
79%
Entités Moroï
78%
Entités Onryo
78%
Entités Banshee
77%
Équipements Caméra
77%
Objets hantés Cartes de tarot
77%
Entités Les Jumeaux
77%
Objets hantés Planche ouija
77%
Preuves Spirit Box
77%
Équipements Spirit Box
77%
Entités Yurei
77%
Entités Oni
76%
Entités Thayé
76%
Entités Hantu
75%
Objets hantés Miroir hanté
75%
Cartes de tarot The Sun
75%
Objets hantés Boîte à musique
73%
Entités Djinn
73%
Objets hantés Patte de singe
73%
Entités Poltergeist
73%
Entités Revenant
73%
Preuves Écriture fantomatique
72%
Entités Goryo
71%
Entités Ombre
71%
Preuves EMF niveau 5
70%
Équipements Lampe UV
69%
Entités Obake
69%
Niveaux de difficulté Professionnel
69%
Équipements Bâton d'encens
68%
Objets hantés Poupée vaudou
67%
Entités Raiju
67%
Cartes de tarot The Moon
66%
Cartes de tarot Death
65%
Équipements Livre
65%
Équipements Briquet
64%
Maps 6 Tanglewood Drive
63%
Objets hantés Cercle d'invocation
63%
Entités Myling
63%
Équipements Sel
62%
Équipements Appareil photo
61%
Niveaux de difficulté Intermédiaire
61%
Équipements Thermomètre
61%
Niveaux de difficulté Amateur
59%
Maps Prison
58%
Maps Sunny Meadows Mental Institution
58%
Équipements Crucifix
57%
Preuves Températures glaciales
57%
Cartes de tarot The Tower
57%
Équipements Trépied
57%
Cartes de tarot The Fool
55%
Niveaux de difficulté Démence
54%
Maps Camp Woodwind
53%
Cartes de tarot The Hanged Man
53%
Maps 13 Willow Street
50%
Équipements Bougie
48%
Cartes de tarot The Hermit
47%
Équipements Détecteur de mouvement
46%
Cartes de tarot The Devil
46%
Cartes de tarot The Wheel of Fortune
45%
Équipements Lampe de poche
43%
Preuves Empreintes digitales
41%
Équipements Microphone parabolique
41%
Maps Brownstone High School
39%
Maps 10 Ridgeview Court
38%
Équipements Capteur sonore
36%
Maps Grafton Farmhouse
36%
Maps 42 Edgefield Road
35%
Cartes de tarot The High Priestess
34%
Niveaux de difficulté Apocalypse
33%
Maps Bleasdale Farmhouse
30%
Maps Sunny Meadows Mental Institution (Restricted)
29%
Maps Maple Lodge Campsite
28%
Équipements Caméra frontale
25%
Équipements Lampe de poche puissante
10%
Équipements Bâton lumineux
8%
Équipements Pilules calmantes
5%
Aucun quiz correspondant
Distribution des résultats
% des personnes avec chaque résultat
Percentile par nombre de réponses
Votre historique - résultats
Vous n’avez pas pris ce quiz depuis la dernière actualisation